Songs about Louisiana - Statistics

General Stats
  • This quiz has been taken 6 times
  • The average score is 10 of 20
Answer Stats
Singer/songwriter/Band Line Title % Correct
Roy Orbison / Linda Ronstadt Well I'll never be blue My dreams come true Blue Bayou
100%
Creedence Clearwater Revival Rollin' with some Cajun Queen ... Born on the Bayou
83%
Steve Goodman / Arlo Guthrie / Willie Nelson Good morning America, how are you? Said, "Don't you know me, I'm your native son" City of New Orleans
83%
Hank Williams (Traditional Cajun song adapted or ripped off ?) Son of a gun, we'll have big fun on the Bayou Jambalaya
83%
Traditional Cajun / Joan Baez / Bruce Springsteen ___ __, Cajun angel Let me tell you that I love you Jole Blon / Jolie Blonde
67%
George Strait (Mike Geiger, Woody Mullis and Michael Huffman) _______, pretty little Cajun queen Sweet dixie flower, 'The Belle of the Bayou' You're every young man's dream Adalida
50%
Jerry Reed About forty-five minutes southeast of Thibodeaux, Louisiana
Lived a man called Doc Millsap and his pretty wife Hannah
Amos Moses
50%
Sonny Landreth Lay, chèr, just a little bit longer You'll be gone so long out West Back to Bayou Teche
50%
Johnny Cash Won't you batter down by Bâton Rouge Big River
50%
Lead Belly / Beach Boys / Creedence Clearwater Revival It was back in Louisiana Just about a mile from Texarkana Cotton Fields
50%
Johnny Rebel / Jimmy C. Newman J'fais tous les clubs j'peux faire ent' Lafayette et la Ville Plate Oublies-moi pas des fois ça chauffe Lâche pas la patate / The Potato song
50%
Steve Young / Waylon Jennings I'm goin' to Shreveport and down to New Orleans Lonesome On'ry and Mean
50%
Stephen Foster / Byrds I come from Alabama With my banjo on my knee I'm going to Louisiana My true love for to see Oh ! Susanna
50%
Jo-El Sonnier / Johnny Cash / Emmylou Harris If I die in Alaska if I die in Ohio My soul will find it's way back to the bayou Cajun Born
33%
Bellamy Brothers Crossed two more states and a drivin' rain
Finally reached Lake Pontchartrain
In the bayou town I found my dream
Catahoula
33%
Elvis Presley There's a man in New Orleans who plays rock and roll He's a guitar man with a great big soul King Creole
33%
Dire Straits I'm tryin' to place a tune Under a Louisiana moonbeam Planet of New Orleans
33%
Antoine "Fats" Domino I'm going to need two pair of shoes When I get through walkin' me blues Walking to New Orleans
33%
Clifton Chenier C'est pas la peine de braillerOh moi, je suis gone. Louisiana Blues
17%
Paul Simon
Dance to the music of Clifton Chenier
The King of the Bayou
That Was Your Mother
17%
No matching quizzes found
Score Distribution
Percent of People with Each Score
Percentile by Number Answered
Your Score History
You have not taken this quiz